Los soportes del debate pb︢lico El desarrollo del escenario cv̕ico de discusin̤ de la extranjera̕ y la inmigracin̤ /

Detalles Bibliográficos
Autor principal: Gomariz Acuą, Toms̀ Pedro
Formato: eBook
Lenguaje:español
Publicado: Bogot ̀: Ecoe ediciones, 2011
Materias:
Acceso en línea:Acceso restringido

MARC

LEADER 00000nam a22000007a 4500
005 20120323144631.0
007 cr|||| ||||
008 120323s2011 sp |||||s|||| 00||0 spa d
020 |a 978-84-9982-032-3 
035 |a 5837 
040 |a vLex 
090 |c 3083  |d 3083 
100 1 |a Gomariz Acuą, Toms̀ Pedro 
245 1 4 |a Los soportes del debate pb︢lico  |h [Recurso electrn̤ico] :  |b El desarrollo del escenario cv̕ico de discusin̤ de la extranjera̕ y la inmigracin̤ /  |c Toms̀ Pedro Gomariz Acuą  
256 |a Servicio en ln̕ea 
260 |a Bogot ̀:  |b Ecoe ediciones,  |c 2011 
300 |a 1 recurso electrn̤ico 
500 |a Este libro tiene como finalidad presentar una aproximacin̤ a la mecǹica constitutiva del debate pb︢lico. Para ello ha sido elegido uno de los temas que ms̀ relieve ha alcanzado en los l︢timos aǫs: el de la inmigracin̤ y la extranjera̕. Con ľ, en el presente anl̀isis se procede a la estimacin̤ de la lg̤ica de la dinm̀ica de la sociedad contemporǹea, en tanto caso significativo y ejemplar del devenir discursivo del desarrollo de los estados democrt̀icos. Para alcanzar tal afǹ, esta obra se ha desarrollado sobre las reflexiones producidas en torno a las diferentes aportaciones ter̤icas en la materia, desde la crt̕ica hegeliana del valor ťico de la moral Kantiana hasta los deberes, ms̀ recientes, en torno a la ťica del discurso.  
506 1 |a Contenido solo disponible en los productos indicados  |d vLex Global   |d vLex Global (Academic Edition, excluding Law Schools)   |d vLex Global (U.S. Academic Edition, Law Schools)   |d vLex Global (U.S. Academic Edition, excluding Law Schools)   |d vLex Global (Academic Edition, Law Schools)  
648 |z Espaą 
650 |a Inmigrantes 
740 0 |a vLex Libros (Servicio en ln̕ea) 
856 4 0 |u http://vlex.com/source/soportes-debate-publico-desarrollo-escenario-civico-discusion-extranjeria-inmigracion-5837  |z Acceso restringido 
942 |c BOOK 
999 0 |a Immigrants